01282nmc a2200397 a 4500003000900000005001700009008004100026040001300067110003700080245004100117260004000158300002000198490005200218504006200270600002500332650001200357650002500369650002600394650005000420650002900470650001400499650003000513650003500543650002600578650002700604650001900631650001500650651002100665700002200686700002400708700002400732700002000756700001800776700002400794711006600818AR-BaBNM20251128204819.0266019s1994 ||||||||||||||000 | spa|| cAR-BaBNM2 aInstituto de la Mujer [España]10aMujer, poder político y desarrollo aMadridbInstituto de la Mujerc19940 a165 p.bcuadros 0aPublicaciones del Instituto de la mujer. Debate aContiene notas y bibliografía al final de cada ponencia14aAquino, Corazón C. 4aMUJERES 4aDERECHOS DE LA MUJER 4aEDUCACION DE LA MUJER 4aIGUALDAD DE DERECHOS DEL HOMBRE Y DE LA MUJER 4aORGANIZACIONES FEMENINAS 4aFEMINISMO 4aIGUALDAD DE OPORTUNIDADES 4aDERECHO A LA NO DISCRIMINACION 4aDISCRIMINACION SEXUAL 4aPARTICIPACION POLITICA 4aPODER POLITICO 4aDEMOCRACIA 4aAmérica Latina1 aBustello, Carlota1 aThrelfall, Mónica1 aValcárcel, Amelia1 aMeslem, Chafika1 aBareiro, Line1 aVargas V., Virginia2 aMujer, Poder Político y DesarrollocSevilla, Españad1992